| 000 | 01014nam a2200241Ia 4500 | ||
|---|---|---|---|
| 003 | OSt | ||
| 005 | 20200715162548.0 | ||
| 008 | 191128s1977 ck a gr 000 0 spa d | ||
| 040 |
_aCO-JMCR _cCO-JMCR |
||
| 041 | 0 | _aspa | |
| 082 | 0 | 4 |
_a330.9861 / _bE182s1 _223 |
| 100 | 1 |
_aEchavarría Olozaga, Hernan, _eautor _97079 |
|
| 245 | 1 | 3 |
_aEl sentido común en la economía / _cHernan Echavarria Olozaga |
| 250 | _aCuarta edición | ||
| 260 |
_aBogotá : _bColegio de Estudios Superiores de Administración - CESA, _c1977. |
||
| 300 |
_a434 páginas : _b ilustraciones a blanco y negro ; _c20 cm. |
||
| 505 | 0 | _aOrganización de la producción -- Formación de la renta nacional -- Distribución de la capacidad productora -- Los mercados y el poder de compra -- Comercio exterior -- Los impuestos -- Elementos de desarrollo económico | |
| 650 | 1 | 4 |
_aEconomía colombiana _97334 |
| 650 | 2 | 4 |
_a Economía _97335 |
| 650 | 2 | 4 |
_aComercio exterior _94820 |
| 650 | 2 | 4 |
_aDesarrollo económico _97336 |
| 942 |
_2ddc _cBK |
||
| 999 |
_c5514 _d5514 |
||